00225nam a2200085Ia 4500008004100000100002300041245003300064260003300097260000900130170620s9999 xx 000 0 und d aDR. PARANJAPE- N.V 0aJURISPRUDENCE & LEGAL THEORY bCENTRAL LAW AGENCY ALLAHABAD c2014